Catolicismo, control social y modernización en América Latina
Guardat en:
| Autor principal: | |
|---|---|
| Format: | Llibre |
| Idioma: | espanyol |
| Publicat: |
Buenos Aires
Amorrortu
1970
|
| Matèries: | |
| Etiquetes: |
Afegir etiqueta
Sense etiquetes, Sigues el primer a etiquetar aquest registre!
|
MARC
| LEADER | 00000nam a2200000 a 4500 | ||
|---|---|---|---|
| 001 | UCR6130 | ||
| 003 | CL-VaPUC | ||
| 008 | 980420e19700000AG |||||||||||||||||spa|d | ||
| 082 | 0 | 4 | |a 260 |b VAL |2 21 |
| 100 | 0 | |a Vallier, Ivan |e author |9 407299 | |
| 245 | 1 | 0 | |a Catolicismo, control social y modernización en América Latina |
| 300 | |a 229 p | ||
| 942 | |c BK | ||
| 945 | |d 19980420 00:00:00 |a rbrito | ||
| 260 | |a Buenos Aires |b Amorrortu |c 1970 | ||
| 650 | 0 | |a Catolicismo |9 258690 | |
| 650 | 0 | |a Iglesia |9 255004 | |
| 650 | 0 | |a Teología social |9 326726 | |
| 583 | |a last modification |c 19980420 00:00:00 |k Rodrigo Vera | ||
| 999 | |c 268436 |d 268434 | ||
| 952 | |0 0 |1 0 |4 0 |6 260_000000000000000_VAL_1970 |7 0 |8 A |9 301582 |a BIBGIM |b BIBGIM |d 2019-11-20 |i 3374076 |o 260 VAL 1970 |p 3374076 |r 2025-01-15 |w 2019-11-20 |y BK |k GIM | ||